000 00748cam a22002051 4500
005 20210908163616.0
008 820626s1865 f ad frn 000 0 fre d
040 _aCO-BoUCM
_bspa
_cSandra Yazo (modificó)
_dSandra Yazo (modificó)
041 0 0 _afre
060 0 0 _aQD 33
100 1 _aPelouze, Théophile Jules
_d1807-1867
_949977
245 1 0 _aTraité de chimie
_bgénérale, analytique, industrielle et agricole
_cJ. Pelouze y E. Fremy
250 _a3a ed
260 _aParís (Francia)
_bMasson
_c1865
300 _a1071 páginas (v.1)
_bilustraciones y gráficas
650 4 _aQuímica
_922980
690 _aCiencias naturales
_910813
700 1 _aFremy, E.
_q(Edmond)
_d1814-1894.
_949979
942 _a25
_cLIBRO
_e3
_mP392
_n0
_2NLM
_hQD 33
999 _c183448
_d183448